000
00217 a2200097 4500
001
717
100
_a
Markus,J
245
_a
Handbook of industrial electronic circuits
260
_a
_b
Mcgrawhill
_c
090
_c
313
_d
313
942
_a
NUST-CAE
_c
M
_c
23669
999
_c
235790
_d
235790